00381nam a2200169Ia 4500003000500000008004100005020001800046040001900064082000700083100001900090100001800109245002100127260003300148300001000181365000800191546001200199STCL221019s9999 xx 000 0 und d a9780753818923 aSTCLcSTCLbEN 222 aPfetsch, Helga aWalker, Alice 4aThe color purple bPhoenixagreat Britainc2004 a262 p b319 aEnglish